Design thinking for school leaders : (Record no. 362035)
[ view plain ]
| 000 -LEADER | |
|---|---|
| fixed length control field | 00539nam a2200145Ia 4500 |
| 008 - FIXED-LENGTH DATA ELEMENTS--GENERAL INFORMATION | |
| fixed length control field | 190813s9999 xx 000 0 und d |
| 020 ## - INTERNATIONAL STANDARD BOOK NUMBER | |
| International Standard Book Number | 9781416625940 |
| 100 ## - MAIN ENTRY--PERSONAL NAME | |
| Personal name | Gallagher, Alyssa. |
| 245 ## - TITLE STATEMENT | |
| Statement of responsibility, etc | Alyssa Gallagher, Kami Thordarson.-- |
| Title | Design thinking for school leaders : |
| Remainder of title | five roles and mindsets that ignite positive change / |
| 260 ## - PUBLICATION, DISTRIBUTION, ETC. (IMPRINT) | |
| Place of publication, distribution, etc | Virginia : |
| Name of publisher, distributor, etc | ASCD |
| Date of publication, distribution, etc | 2018 |
| 300 ## - PHYSICAL DESCRIPTION | |
| Extent | 209 pages. |
| 500 ## - GENERAL NOTE | |
| General note | Includes bibliographic references and index. |
| 650 ## - SUBJECT ADDED ENTRY--TOPICAL TERM | |
| Topical term or geographic name as entry element | Educational leadership. |
| 650 ## - SUBJECT ADDED ENTRY--TOPICAL TERM | |
| Topical term or geographic name as entry element | School and mangement organization. |
| Withdrawn status | Lost status | Damaged status | Home library | Current library | Shelving location | Date acquired | Source of acquisition | Total Checkouts | Total Renewals | Full call number | Barcode | Date last seen | Date checked out | Price effective from | Koha item type |
|---|---|---|---|---|---|---|---|---|---|---|---|---|---|---|---|
| College Library | College Library | Reserve Section | 08/13/2019 | 2 | 1 | LB 2805 .G25 2018 | C21820 | 11/11/2019 | 11/09/2019 | 08/13/2019 | Books |